<?xml version="1.0" encoding="UTF-8"?>
<record
    xmlns:xsi="http://www.w3.org/2001/XMLSchema-instance"
    xsi:schemaLocation="http://www.loc.gov/MARC21/slim http://www.loc.gov/standards/marcxml/schema/MARC21slim.xsd"
    xmlns="http://www.loc.gov/MARC21/slim">

  <leader>05855njm a2200613Ia 4500</leader>
  <controlfield tag="001">25708</controlfield>
  <controlfield tag="003">IT-RoPAU</controlfield>
  <controlfield tag="005">20220918181124.0</controlfield>
  <controlfield tag="008">131025s9999    xx            000 0 und d</controlfield>
  <datafield tag="040" ind1=" " ind2=" ">
    <subfield code="a">IT-RoPAU</subfield>
  </datafield>
  <datafield tag="040" ind1=" " ind2=" ">
    <subfield code="c">IT-RoPAU</subfield>
  </datafield>
  <datafield tag="999" ind1=" " ind2=" ">
    <subfield code="c">100013</subfield>
    <subfield code="d">100013</subfield>
  </datafield>
  <datafield tag="999" ind1=" " ind2=" ">
    <subfield code="b">n.d.</subfield>
  </datafield>
  <datafield tag="100" ind1=" " ind2=" ">
    <subfield code="a">AA.VV.</subfield>
    <subfield code="9">794</subfield>
  </datafield>
  <datafield tag="100" ind1=" " ind2=" ">
    <subfield code="e">Autore musica</subfield>
    <subfield code="9">14074</subfield>
  </datafield>
  <datafield tag="100" ind1=" " ind2=" ">
    <subfield code="g">Codice autore musica SPICS: 12000</subfield>
    <subfield code="9">796</subfield>
  </datafield>
  <datafield tag="245" ind1=" " ind2=" ">
    <subfield code="a">Leggendario Bix Beiderbecke (Il)</subfield>
  </datafield>
  <datafield tag="250" ind1=" " ind2=" ">
    <subfield code="a">2a ed.</subfield>
  </datafield>
  <datafield tag="260" ind1=" " ind2=" ">
    <subfield code="a">MILANO</subfield>
  </datafield>
  <datafield tag="260" ind1=" " ind2=" ">
    <subfield code="b">RUSCONI</subfield>
    <subfield code="c">1985 [1a Ed.:]</subfield>
  </datafield>
  <datafield tag="300" ind1=" " ind2=" ">
    <subfield code="a">DISCO</subfield>
  </datafield>
  <datafield tag="300" ind1=" " ind2=" ">
    <subfield code="c">38 minuti (Testo:  pag.)</subfield>
  </datafield>
  <datafield tag="500" ind1=" " ind2=" ">
    <subfield code="a">Musica jazz. Disco fuori commercio allegato al n. 2 1985 della rivista "Musica jazz"</subfield>
  </datafield>
  <datafield tag="505" ind1=" " ind2=" ">
    <subfield code="a">Copenhagen (3:00) - Riverboat Shuffle [(Richmond, Indiana, 6 maggio 1924) (3:00)] - Davenport Blues [(Richmond, 26 gennaio 1925) (3:00)] - At the Jazz Band Ball [(New York, 5 ottobre 1927) (3:00)] - In the Dark [(Chicago, 16 novembre 1935) (Stacy Jess) (2:00)] - Jazz Me Blues [(New York, 5 ottobre 1927) (4:00)] - I'm Coming Virginia [(New York, 13 maggio 1927) (4:00)] - Singin' the Blues [(New York, 4 febbraio 1927) (3:00)] - In a Mist [(New York, 9 settembre 1927) (3:00)] - For No Reason At All In C [(New York, 13 maggio 1927) (4:00)] - Crying All Day [(New York, 25 ottobre 1927) (4:00)] - Changes [(Chicago, 23 novembre 1927) (2:00)] - From Monday On [(New York, 13 febbraio 1928) (4:00)] - I'll Be a Friend With Pleasure [(New York, 8 settembre 1930) (4:00)]</subfield>
  </datafield>
  <datafield tag="511" ind1=" " ind2=" ">
    <subfield code="a">Wolverine Orchestra</subfield>
  </datafield>
  <datafield tag="511" ind1=" " ind2=" ">
    <subfield code="a">Beiderbecke Bix: corn; Hartwell Jimmy: cl, alto; Johnson George: ten; Voynow Dick: p; Gillette Bob: bjo, chit; Leibrook Min: tuba; Moore Vic: batt; Wolverine Orchestra</subfield>
  </datafield>
  <datafield tag="511" ind1=" " ind2=" ">
    <subfield code="a">Beiderbecke Bix: corn; Dorsey Tommy: trne; Murray Don: cl; Mertz Paul: p; Quicksell Frank: p; Gargano Tom: batt; Bix and his Rhythm Jugglers</subfield>
  </datafield>
  <datafield tag="511" ind1=" " ind2=" ">
    <subfield code="a">Beiderbecke Bix: corn; Rank Bill: trne; Murray Don: cl; Rollini Adrian: sax; Bassosignorelli Frank: p; Morehouse Chauncey: batt; Bix Beiderbecke and his Gang</subfield>
  </datafield>
  <datafield tag="511" ind1=" " ind2=" ">
    <subfield code="a">Jess Stacy: p solo</subfield>
  </datafield>
  <datafield tag="511" ind1=" " ind2=" ">
    <subfield code="a">Beiderbecke Bix: corn; Rank Bill: trne; Murray Don: cl; Trumbauer Frankie: sax Ryker Doc: sax; Riskin Irving: p; Lang Eddie: chit; Morehouse Chauncey: batt; Frankie Trumbauer and his Orchestra</subfield>
  </datafield>
  <datafield tag="511" ind1=" " ind2=" ">
    <subfield code="a">Beiderbecke Bix: corn; Rank Bill: trne; Dorsey Jimmy: cl, alto; Trumbauer Frankie: sax; Ryker Doc: sax; Mertz Paul: p; Lang Eddie: chit; Morehouse Chauncey: batt; Frankie Trumbauer and his Orchestra</subfield>
  </datafield>
  <datafield tag="511" ind1=" " ind2=" ">
    <subfield code="a">Bix Beiderbecke: pianoforte solo</subfield>
  </datafield>
  <datafield tag="511" ind1=" " ind2=" ">
    <subfield code="a">Beiderbecke Bix: corn, p; Trumbauer Frankie: sax; Lang Eddie: chit</subfield>
  </datafield>
  <datafield tag="511" ind1=" " ind2=" ">
    <subfield code="a">Beiderbecke Bix: corn; Rank Bill: trne; Russell Pee Wee: cl, sax; Murray Don: cl, sax; Trumbauer Frankie: sax; Rollini Adrian: sax; Signorelli Frank: p; Venuti Joe: viol; Lang Eddie: chit; Morehouse Chauncey; batt; Frankie Trumbauer and his Orchestra</subfield>
  </datafield>
  <datafield tag="511" ind1=" " ind2=" ">
    <subfield code="a">Busse Henry: tr; Margulis Charles: tr; Beiderbecke Bix: corn; Hall Wilbur: trni; Dorsey Tommy: trni; Dorsey Jimmy: sax; Mayhew Nye: sax; Strickfadem Charles: sax; Trumbauer Frankie: sax; Hazlett Chet: sax; McLean Hal: sax; Dieterle Kurt: viol; Russell Mischa: viol; Malneck Matty: viol; Perry Mario: viol; Perella Harry: p; Pingitore Mike: bjo; Brown Steve: cb, tuba; Trafficante Mike: cb, tuba; McDonald Hal: batt; Crosby Bing: voce; Fulton John: voce; Gaylord Charles: voce; Barris Harry: voce; Rinker Al: voce; Challis Bill: arr; Paul Whiteman and his Orchestra</subfield>
  </datafield>
  <datafield tag="511" ind1=" " ind2=" ">
    <subfield code="a">Margulis Charles: tr; Beiderbecke Bix: corn; Rank Bill: trne; Hazlet Chet: sax; Mayer Red: sax; Trumbauer Frankie: sax; Friedman Irving: sax; Strickfaden Charles: sax; Dieterle Kurt: viol; Russell Mischa: viol; Malneck Matty: viol; Barris Harry: p; Pingitore Mike: bjo; Leibrook Min: tuba; McDonald Hal: batt; Crosby Bing: voce; Rinker Al: voce; Gaylord Charles: voce; Young Austin: voce; Fulton Jack: voce; Malneck Matty: arr; Paul Whiteman and his Orchestra</subfield>
  </datafield>
  <datafield tag="511" ind1=" " ind2=" ">
    <subfield code="a">Lodwig Ray: tr; Beiderbecke Bix: corn; Cullen Boyce: trne; Goodman Benny: cl, alto; Dorsey Jimmy: sax; Russell Pee Wee: sax; Freeman Bud: sax; Brosky Irving: p; Leibrook Min: cb; Krupa Gene: batt; Vaughan Wes: voce; Bix Beiderbecke and his Orchestra</subfield>
  </datafield>
  <datafield tag="650" ind1=" " ind2=" ">
    <subfield code="a">JAZZ [DISCHI]</subfield>
    <subfield code="e">Codice MATERIA SPICS: 9950</subfield>
    <subfield code="9">14075</subfield>
  </datafield>
  <datafield tag="700" ind1=" " ind2=" ">
    <subfield code="a">Beiderbecke Bix</subfield>
    <subfield code="g">Codice interprete SPICS: 11520</subfield>
    <subfield code="e">Interprete</subfield>
    <subfield code="9">14076</subfield>
  </datafield>
  <datafield tag="700" ind1=" " ind2=" ">
    <subfield code="a">Davis Charlie</subfield>
    <subfield code="g">Codice autore musica SPICS: 27895</subfield>
    <subfield code="e">Autore musica</subfield>
    <subfield code="p">Copenhagen</subfield>
    <subfield code="9">14077</subfield>
  </datafield>
  <datafield tag="700" ind1=" " ind2=" ">
    <subfield code="a">Carmichael Hoagy</subfield>
    <subfield code="g">Codice autore musica SPICS: 10736</subfield>
    <subfield code="e">Autore musica</subfield>
    <subfield code="p">Riverboat Shuffle</subfield>
    <subfield code="9">14078</subfield>
  </datafield>
  <datafield tag="700" ind1=" " ind2=" ">
    <subfield code="a">Beiderbecke Bix</subfield>
    <subfield code="g">Codice autore musica SPICS: 11520</subfield>
    <subfield code="e">Autore musica</subfield>
    <subfield code="p">Davenport Blues - In the Dark - In a Mist - For No Reason At All In C</subfield>
    <subfield code="9">14079</subfield>
  </datafield>
  <datafield tag="700" ind1=" " ind2=" ">
    <subfield code="a">La Rocca Nick</subfield>
    <subfield code="g">Codice autore musica SPICS: 16322</subfield>
    <subfield code="e">Autore musica</subfield>
    <subfield code="p">At the Jazz Band Ball</subfield>
    <subfield code="9">14080</subfield>
  </datafield>
  <datafield tag="700" ind1=" " ind2=" ">
    <subfield code="a">Shields Larry</subfield>
    <subfield code="g">Codice autore SPICS: 16321</subfield>
    <subfield code="e">Autore</subfield>
    <subfield code="p">At the Jazz Band Ball</subfield>
    <subfield code="9">14081</subfield>
  </datafield>
  <datafield tag="700" ind1=" " ind2=" ">
    <subfield code="a">Delaney Tom</subfield>
    <subfield code="g">Codice autore musica SPICS: 18861</subfield>
    <subfield code="e">Autore musica</subfield>
    <subfield code="p">Jazz Me Blues</subfield>
    <subfield code="9">14082</subfield>
  </datafield>
  <datafield tag="700" ind1=" " ind2=" ">
    <subfield code="a">Heywood</subfield>
    <subfield code="g">Codice autore musica SPICS: 14388</subfield>
    <subfield code="e">Autore musica</subfield>
    <subfield code="p">I'm Coming Virginia</subfield>
    <subfield code="9">14083</subfield>
  </datafield>
  <datafield tag="700" ind1=" " ind2=" ">
    <subfield code="a">Robinson</subfield>
    <subfield code="g">Codice autore musica SPICS: 19976</subfield>
    <subfield code="e">Autore musica</subfield>
    <subfield code="p">Singin' the Blues</subfield>
    <subfield code="9">14084</subfield>
  </datafield>
  <datafield tag="700" ind1=" " ind2=" ">
    <subfield code="a">Conrad</subfield>
    <subfield code="g">Codice autore SPICS: 19975</subfield>
    <subfield code="e">Autore</subfield>
    <subfield code="p">Singin' the Blues</subfield>
    <subfield code="9">14085</subfield>
  </datafield>
  <datafield tag="700" ind1=" " ind2=" ">
    <subfield code="a">Trumbauer Frankie</subfield>
    <subfield code="g">Codice autore musica SPICS: 16345</subfield>
    <subfield code="e">Autore musica</subfield>
    <subfield code="p">For No Reason At All In C - Crying All Day</subfield>
    <subfield code="9">14086</subfield>
  </datafield>
  <datafield tag="700" ind1=" " ind2=" ">
    <subfield code="a">Donaldson</subfield>
    <subfield code="g">Codice autore musica SPICS: 14426</subfield>
    <subfield code="e">Autore musica</subfield>
    <subfield code="p">Changes</subfield>
    <subfield code="9">14087</subfield>
  </datafield>
  <datafield tag="700" ind1=" " ind2=" ">
    <subfield code="a">Barris Harry</subfield>
    <subfield code="g">Codice autore musica SPICS: 18863</subfield>
    <subfield code="e">Autore musica</subfield>
    <subfield code="p">From Monday On</subfield>
    <subfield code="9">14088</subfield>
  </datafield>
  <datafield tag="700" ind1=" " ind2=" ">
    <subfield code="a">Crosby David</subfield>
    <subfield code="g">Codice autore SPICS: 18948</subfield>
    <subfield code="e">Autore</subfield>
    <subfield code="p">From Monday On</subfield>
    <subfield code="9">14089</subfield>
  </datafield>
  <datafield tag="700" ind1=" " ind2=" ">
    <subfield code="a">Pinkard Maceo</subfield>
    <subfield code="g">Codice autore musica SPICS: 16174</subfield>
    <subfield code="e">Autore musica</subfield>
    <subfield code="p">I'll Be a Friend With Pleasure</subfield>
    <subfield code="9">14090</subfield>
  </datafield>
  <datafield tag="942" ind1=" " ind2=" ">
    <subfield code="c">MD</subfield>
    <subfield code="2">ddc</subfield>
  </datafield>
  <datafield tag="952" ind1=" " ind2=" ">
    <subfield code="0">0</subfield>
    <subfield code="1">0</subfield>
    <subfield code="4">0</subfield>
    <subfield code="6">25708_000000000000000</subfield>
    <subfield code="7">1</subfield>
    <subfield code="a">SPICS</subfield>
    <subfield code="b">SPICS</subfield>
    <subfield code="d">2013-10-25</subfield>
    <subfield code="l">0</subfield>
    <subfield code="o">25708</subfield>
    <subfield code="r">2013-10-25 00:00:00</subfield>
    <subfield code="w">2013-10-25</subfield>
    <subfield code="y">MD</subfield>
    <subfield code="z">Progr. Ins.: 5582 / N.Vol.: 1 / Copie: 1 - Copia rara: n.d. / date import: 01.01.2014 - By Epidotti, Trombetti, Vaglietti</subfield>
  </datafield>
</record>
